US states that start between O and S - Statistics

General Stats
  • This quiz has been taken 27 times
  • The average score is 6 of 7
Answer Stats
Answer % Correct
Ohio
100%
South Dakota
96%
Oklahoma
91%
Oregon
91%
South Carolina
91%
Rhode Island
83%
Pennsylvania
78%
No matching quizzes found
Score Distribution
Percent of People with Each Score
Percentile by Number Answered
Your Score History
You have not taken this quiz